000 00907cam a22002777a 4500
003 CHAP
005 20220329135504.0
008 971013s r 00010 d
010 _a37424
011 _a38396
035 _a42516
040 _cCHAP
090 _aR-2863
100 0 0 _aOverman, A. J.
_984395
245 0 _aApplication of Avermectin and Cryomazine via drip irrigation and Fenamiphos by soil incorporation for control of insect and nematode pests in Chrysanthemum
500 _aSobretiro de : Proc. Fla. Sta. Hort. Soc. 97 : 304-306, 1984
590 _aBATCH-UPD
_b10
_c20130110
_lUCH01
_h1631
590 _aCONVERSION
_b10
_c20130109
_lUCH01
_h1321
650 1 4 _aCrisantemo
_xPlagas.
_928961
650 1 4 _aInsecticidas.
_958855
650 1 4 _aNematicidas.
_980808
700 0 _aPrice, James F.
_991580
901 _aBK
942 _cREIMP
949 _aR-2863
_bBC
_cR
_d-97895
_eTS1
_i42516
_si
999 _c37424
_d37424